书目信息 |
| 题名: |
当代艺术家
|
|
| 作者: | 陈平 , 卢家华 主编 ;崔小冬 编著 | |
| 分册: | 崔小冬 | |
| 出版信息: | 济南 山东美术出版社 2011.07 |
|
| 页数: | 155页 | |
| 开本: | 29cm | |
| 丛书名: | ||
| 单 册: | ||
| 中图分类: | J121 , J223 | |
| 科图分类: | ||
| 主题词: | 艺术--作品集--中国--现代 , 油画--绘画评论--中国--现代 , 艺术 , 油画 | |
| 电子资源: | ||
| ISBN: | 978-7-5330-3432-0 | |
| 000 | 00984nam0 2200313 450 | |
| 001 | 010030025401 | |
| 005 | 20140612091302.71 | |
| 010 | @a978-7-5330-3432-0@dCNY89.00 | |
| 100 | @a20111109d2011 em y0chiy0110 ea | |
| 101 | 0 | @achi |
| 102 | @aCN@b370000 | |
| 105 | @aa z 000yy | |
| 106 | @ar | |
| 200 | 1 | @a当代艺术家@9dang dai yi shu jia@i崔小冬@f陈平,卢家华主编@g崔小冬编著 |
| 210 | @a济南@c山东美术出版社@d2011.07 | |
| 215 | @a155页@d29cm | |
| 304 | @a英文共同题名:Contemporary artists | |
| 330 | @a本书收录了崔小冬的油画作品及相关文章,内容涉及任务创作系列,人体创作系列,静物、风景系列等。 | |
| 606 | 0 | @a艺术@x作品集@y中国@z现代 |
| 606 | 0 | @a油画@x绘画评论@y中国@z现代 |
| 606 | 0 | @a艺术 |
| 606 | 0 | @a油画 |
| 690 | @aJ121@v4 | |
| 690 | @aJ223@v4 | |
| 701 | 0 | @a陈平@9chen ping@f(1960.2~)@4主编 |
| 701 | 0 | @a卢家华@9lu jia hua@4主编 |
| 702 | 0 | @a崔小冬@9cui xiao dong@f(1964~)@4编著 |
| 801 | 0 | @aCN@bNLC@c20120224 |
| 905 | @b549329-31@dJ121@e108@f3 | |
| 当代艺术家.崔小冬/陈平,卢家华主编/崔小冬编著.-济南:山东美术出版社,2011.07 |
| 155页;29cm |
| ISBN 978-7-5330-3432-0:CNY89.00 |
| 本书收录了崔小冬的油画作品及相关文章,内容涉及任务创作系列,人体创作系列,静物、风景系列等。 |
| ● |
| 相关链接 |
|
|
|
|
正题名:当代艺术家
索取号:J121/108
 
预约/预借
| 序号 | 登录号 | 条形码 | 馆藏地/架位号 | 状态 | 备注 |
| 1 | 549329 | 205493296 | 第一样本阅览室/ [索取号:J121/108] | 在馆 | |
| 2 | 549330 | 205493303 | 第一借阅区/ [索取号:J121/108] | 在馆 | |
| 3 | 549331 | 205493312 | 第一借阅区/ [索取号:J121/108] | 在馆 |